El mundo del petróleo : (Registro nro. 4339)

000 -CABECERA
campo de control de longitud fija 01544nam a22002057a 4500
005 - FECHA Y HORA DE LA ÚLTIMA TRANSACCIÓN
campo de control 20260112213406.0
008 - DATOS DE LONGITUD FIJA--INFORMACIÓN GENERAL
campo de control de longitud fija 260112b ||||fr|||| 00| 0 eng d
020 ## - NÚMERO INTERNACIONAL ESTÁNDAR DEL LIBRO
ISBN 978-607-16-0152-0
040 ## - FUENTE DE LA CATALOGACIÓN
Centro catalogador/agencia de origen CENDOC CAAAP
Lengua de catalogación spa
Centro/agencia transcriptor CAAAP
041 ## - CÓDIGO DE LENGUA
Código de lengua del texto/banda sonora o título independiente spa
050 ## - SIGNATURA TOPOGRÁFICA DE LA BIBLIOTECA DEL CONGRESO
Número de clasificación HD 9560.5
Número de documento/Ítem .O78
100 1# - ENTRADA PRINCIPAL--NOMBRE DE PERSONA
9 (RLIN) 5790
Nombre personal Ortuño Arzate, Salvador
245 #3 - MENCIÓN DE TÍTULO
Título El mundo del petróleo :
Subtitulo Origen, Usos y Escenarios /
Mención de responsabilidad, etc. Salvador Ortuño Arzata
250 ## - MENCIÓN DE EDICIÓN
Mención de edición 1ra edición
260 ## - PUBLICACIÓN, DISTRIBUCIÓN, ETC.
Lugar de publicación, distribución, etc. Mexico :
Nombre del editor, distribuidor, etc. Fondo De Cultura Económica,
Fecha de publicación, distribución, etc. 2009.
300 ## - DESCRIPCIÓN FÍSICA
Extensión 211 páginas :
Otras características físicas ilustraciones,
Dimensiones 21 x 14 cm
520 ## - NOTA DE RESUMEN
Ampliación de la nota de sumario El libro analiza el papel central que ha desempeñado el petróleo en la transformación económica, tecnológica y social desde finales del siglo XIX hasta el siglo XXI. El autor expone el origen del petróleo, su explotación y su impacto en el desarrollo industrial, destacando la invención del automóvil como un factor decisivo en la expansión del consumo de combustibles fósiles. Asimismo, examina la dependencia global de los hidrocarburos como principales fuentes de energía, las cuales concentran más del 90 % del consumo energético mundial. Finalmente, el libro reflexiona sobre los escenarios futuros de la energía, señalando que, pese al avance de fuentes alternativas como la biomasa, la energía eólica o el hidrógeno, los combustibles fósiles continuarán siendo fundamentales para el desarrollo económico global en las próximas décadas.
650 #0 - PUNTO DE ACCESO ADICIONAL DE MATERIA--TÉRMINO DE MATERIA
9 (RLIN) 1528
Término de materia o nombre geográfico como elemento de entrada Petróleo
Subdivisión de forma Industria petrolera
Subdivisión general Hidrocarburos
942 ## - ELEMENTOS PERSONALIZADOS KOHA
Fuente del sistema de clasificación o colocación
Fecha de catalogación DD - MM - AA
Tipo de ítem Koha Libros
Existencias
Fuente del sistema de clasificación o colocación Localización permanente Ubicación/localización actual Fecha de adquisición Total de préstamos Signatura LC Fecha visto por última vez Tipo de ítem Koha
  CENTRO DE DOCUMENTACIÓN (CENDOC) CENTRO DE DOCUMENTACIÓN (CENDOC) 01/12/2026   HD 9560.5 .O78 01/12/2026 Libros
Centro de Documentación CAAAP | AV. Manuel González Prada 626, Magdalena del Mar | (51-1) 4615223 Anexo 205 y 209 | cendoc@caaap.org.pe